[Event "Tournoi francophone 005 Groupe F"]
[Site "Skype"]
[Date "????.??.??"]
[Round "6.1"]
[White "Martin, Elise"]
[Black "Scata, Laura"]
[Result "0-1"]
[WhiteElo "1038"]
[BlackElo "1058"]
[PlyCount "66"]

1. e4 e5 2. Nf3 Nf6 3. d3 d6 4. Nc3 Bg4 5. Be2 Nbd7 6. O-O Be7 7. h3 Bh5 8. Be3
c6 9. Nh4 Bxe2 10. Qxe2 d5 11. Nf5 O-O 12. exd5 cxd5 13. Qf3 Qa5 14. Qg3 Nh5
15. Qg4 Ndf6 16. Ne4 Nxg4 17. hxg4 dxe4 18. gxh5 Bc5 19. h6 g6 20. Nh4 exd3 21.
cxd3 Rfe8 22. Rac1 Rac8 23. Bxc5 Rxc5 24. Rcd1 Qxa2 25. d4 exd4 26. Rxd4 Rd5
27. Rb4 a5 28. Rxb7 Rde5 29. Nf3 R5e7 30. Rb6 Qc4 31. Ng5 Re1 32. Rxe1 Rxe1+
33. Kh2 Qh4+ 0-1

[Event "Tournoi francophone 005 Groupe F"]
[Site "Skype"]
[Date "????.??.??"]
[Round "6.2"]
[White "Gagnon, Sindy"]
[Black "Lequeux, Pierre"]
[Result "0-1"]
[WhiteElo "1000"]
[BlackElo "1180"]
[PlyCount "56"]

1. e4 e5 2. Nf3 Nf6 3. d3 Nc6 4. c3 Be7 5. Ng5 O-O 6. Be3 h6 7. Nf3 d6 8. d4
Nxe4 9. Qc2 Bf5 10. g4 Nxf2 11. Qxf2 Bxg4 12. Nfd2 Bh4 13. Ne4 Bxf2+ 14. Nxf2
Bf3 15. Rg1 Bh5 16. Bd3 exd4 17. cxd4 Re8 18. Rg3 Qh4 19. Nd2 Qxh2 20. Nh1
Qxh1+ 21. Nf1 Nxd4 22. a4 Be2 23. Bc4 Bxc4 24. a5 Nc2+ 25. Kd2 Nxa1 26. Bg1
Bxf1 27. Kc3 Qc6+ 28. Kd4 Re4# 0-1

[Event "Tournoi francophone 005 Groupe F"]
[Site "Skype"]
[Date "????.??.??"]
[Round "6.3"]
[White "Ambrosino, Theo"]
[Black "Douichi, Mohammed"]
[Result "1-0"]
[WhiteElo "1151"]
[BlackElo "1192"]
[PlyCount "67"]

1. e4 e5 2. Nf3 Nc6 3. Nc3 Nf6 4. Bc4 d6 5. h3 h6 6. d3 Nd4 7. O-O Nxf3+ 8.
Qxf3 c6 9. Be3 a6 10. Bb3 Be7 11. Ne2 d5 12. exd5 cxd5 13. Rad1 Bd6 14. Ng3 e4
15. dxe4 O-O 16. Nf5 Bxf5 17. Qxf5 g6 18. Qf3 Re8 19. exd5 Qe7 20. Bxh6 Qe5 21.
g3 Nh5 22. Rfe1 Qf5 23. Qg2 Rxe1+ 24. Rxe1 Kh7 25. Bd2 Rh8 26. Bc3 f6 27. g4
Nf4 28. gxf5 Nxg2 29. fxg6+ Kxg6 30. Kxg2 Kf5 31. Bd2 Rg8+ 32. Kf1 Rg7 33. c4
Be5 34. Bc2# 1-0

[Event "Tournoi francophone 005 Groupe F"]
[Site "Skype"]
[Date "????.??.??"]
[Round "6.4"]
[White "Bacha, Mehdi"]
[Black "Talbot, Jean"]
[Result "1/2-1/2"]
[WhiteElo "1030"]
[BlackElo "1073"]
[PlyCount "93"]

1. d4 d5 2. f4 Nc6 3. e3 Nf6 4. Bd3 Nb4 5. Nf3 Nxd3+ 6. Qxd3 e6 7. O-O Bd6 8.
Qe2 O-O 9. Nbd2 Ne4 10. b3 c5 11. Ne5 f6 12. Nef3 Re8 13. dxc5 Bxc5 14. Nxe4
dxe4 15. Nd2 e5 16. Nxe4 Qd5 17. Nxc5 Qxc5 18. Bd2 Qxc2 19. fxe5 Rxe5 20. Rac1
Qe4 21. Rc4 Qg6 22. g3 Bh3 23. Rf2 h5 24. Rc7 h4 25. Rf3 hxg3 26. Rxg3 Rg5 27.
Qf2 Rxg3+ 28. hxg3 Qb1+ 29. Kh2 Bf1 30. Be1 Rd8 31. Qxf1 Rd2+ 32. Kh3 Qxa2 33.
Rc8+ Kh7 34. Bxd2 Qxd2 35. Rc7 Qxe3 36. Rxb7 Qe6+ 37. Kg2 Qc6+ 38. Kg1 Qxb7 39.
Qh3+ Kg8 40. g4 Qb6+ 41. Kh2 Qf2+ 42. Kh1 Qe1+ 43. Kh2 Qf2+ 44. Qg2 Qf4+ 45.
Kg1 Qc1+ 46. Qf1 Qxf1+ 47. Kxf1 1/2-1/2

[Event "Tournoi francophone 005 Groupe F"]
[Site "Skype"]
[Date "????.??.??"]
[Round "6.6"]
[White "Morin, Claude"]
[Black "Lecluyse, Koenraad"]
[Result "0-1"]
[WhiteElo "1012"]
[BlackElo "1208"]
[PlyCount "44"]

1. e4 e6 2. d4 d5 3. e5 c5 4. Nf3 c4 5. c3 Ne7 6. Be2 Ng6 7. g3 Be7 8. b3 b5 9.
Na3 a6 10. bxc4 bxc4 11. Nxc4 dxc4 12. Bxc4 Qc7 13. Qd3 Bb7 14. d5 O-O 15. O-O
Nd7 16. Rb1 Nc5 17. Qd4 Bxd5 18. Nd2 Bxc4 19. Nxc4 Rad8 20. Nd6 Bxd6 21. exd6
Rxd6 22. Qe5 Nxe5 0-1

[Event "Tournoi francophone 005 Groupe F"]
[Site "Skype"]
[Date "????.??.??"]
[Round "7.1"]
[White "Lecluyse, Koenraad"]
[Black "Martin, Elise"]
[Result "1-0"]
[WhiteElo "1208"]
[BlackElo "1038"]
[PlyCount "111"]

1. d4 d5 2. Nf3 Nc6 3. Bf4 Nf6 4. e3 e6 5. Bd3 Bb4+ 6. c3 Ba5 7. O-O O-O 8.
Nbd2 h6 9. e4 dxe4 10. Nxe4 Nxe4 11. Bxe4 Bb6 12. Bxc6 bxc6 13. Be3 Bb7 14. Ne5
Qf6 15. Ng4 Qg6 16. h3 f5 17. Ne5 Qf6 18. f4 c5 19. Nd7 Qf7 20. Nxf8 Qxf8 21.
dxc5 Ba5 22. Qb3 Ba6 23. Qxe6+ Qf7 24. Qxa6 Bb6 25. cxb6 cxb6 26. a3 Qh5 27.
Rad1 Qxd1 28. Rxd1 Kh7 29. Qb7 Re8 30. Kf2 h5 31. Rd7 Rg8 32. Rf7 Kh6 33. Rxf5
g6 34. Rf7 g5 35. fxg5+ Rxg5 36. Bxg5+ Kxg5 37. Qf3 a5 38. Qg4+ hxg4 39. hxg4
Kxg4 40. Rb7 Kh4 41. Rxb6 Kg4 42. c4 Kf4 43. c5 Ke5 44. c6 Kd6 45. Ra6 Kc7 46.
b4 axb4 47. axb4 Kd6 48. g4 Kc7 49. g5 Kd8 50. Ra7 Kc8 51. Kf3 Kb8 52. Rd7 Kc8
53. b5 Kb8 54. g6 Kc8 55. g7 Kb8 56. g8=Q# 1-0

[Event "Tournoi francophone 005 Groupe F"]
[Site "Skype"]
[Date "????.??.??"]
[Round "7.2"]
[White "Mimouni, Driss"]
[Black "Morin, Claude"]
[Result "0-1"]
[WhiteElo "1000"]
[BlackElo "1012"]
[PlyCount "56"]

1. e4 e5 2. Nf3 Nc6 3. Bc4 Nf6 4. Bxf7+ Kxf7 5. Ng5+ Kg8 6. d3 d6 7. Nc3 Be7 8.
Nd5 Nxd5 9. exd5 Nd4 10. c3 Nf5 11. g4 Nh4 12. f3 h6 13. Nh3 Ng2+ 14. Kf1 Nh4
15. g5 hxg5 16. Nxg5 Bxg5 17. Qe2 Bh3+ 18. Ke1 Bxc1 19. Rxc1 Qf8 20. Rg1 Nxf3+
21. Kf2 Nxg1+ 22. Ke1 Nxe2 23. Kxe2 Bg4+ 24. Kd2 Rxh2+ 25. Ke3 Rxb2 26. Rg1 Qf5
27. Rg3 Qg5+ 28. Ke4 Re2+ 0-1

[Event "Tournoi francophone 005 Groupe F"]
[Site "Skype"]
[Date "????.??.??"]
[Round "7.3"]
[White "Talbot, Jean"]
[Black "Schnell, Nicolas"]
[Result "0-1"]
[WhiteElo "1073"]
[BlackElo "1000"]
[PlyCount "38"]

1. e4 e5 2. Nf3 Nc6 3. Bc4 Bc5 4. Nc3 Rb8 5. d3 b5 6. Nxb5 Nge7 7. O-O d6 8.
Rb1 O-O 9. b4 d5 10. exd5 Nxb4 11. a3 Na2 12. Nxe5 Nxd5 13. Nc6 Qf6 14. Nxb8
Bb7 15. Nd7 Qh4 16. Nxf8 Nf4 17. Nd7 Be7 18. Re1 Qg5 19. Bxf4 Qxg2# 0-1

[Event "Tournoi francophone 005 Groupe F"]
[Site "Skype"]
[Date "????.??.??"]
[Round "7.4"]
[White "Douichi, Mohammed"]
[Black "Bacha, Mehdi"]
[Result "1-0"]
[WhiteElo "1192"]
[BlackElo "1030"]
[PlyCount "108"]

1. e4 e6 2. e5 Bc5 3. c3 Ne7 4. d4 Bb6 5. Bd3 O-O 6. Nf3 c5 7. Ng5 h6 8. Nh7
Re8 9. Be3 Nf5 10. Nf6+ gxf6 11. Qg4+ Kh8 12. Bxf5 Rg8 13. Bg6 fxg6 14. Bxh6 f5
15. Qg5 Qxg5 16. Bxg5 cxd4 17. Bf6+ Kh7 18. O-O dxc3 19. Nxc3 Nc6 20. Ne2 Bc7
21. f4 b6 22. Rf3 g5 23. Rh3+ Kg6 24. fxg5 Bxe5 25. Bxe5 Nxe5 26. Nd4 Ba6 27.
Rg3 f4 28. Rc3 Rac8 29. Ra3 Bb7 30. Rxa7 f3 31. Rxb7 fxg2 32. Rxb6 Rb8 33. Rxb8
Rxb8 34. b3 Rb4 35. Rd1 Kxg5 36. Kxg2 Nf7 37. a3 Rb8 38. Nf3+ Kf4 39. Rd4+ Kf5
40. Rxd7 Ng5 41. Rg7 Rxb3 42. Nd4+ Ke5 43. Nxb3 Ne4 44. h4 Kf4 45. a4 e5 46. h5
Nf6 47. h6 e4 48. Nd4 e3 49. h7 Nxh7 50. Rxh7 Ke4 51. Rh4+ Kd3 52. a5 e2 53.
Nxe2 Kxe2 54. a6 Ke1 1-0

[Event "Tournoi francophone 005 Groupe F"]
[Site "Skype"]
[Date "????.??.??"]
[Round "7.5"]
[White "Lequeux, Pierre"]
[Black "Ambrosino, Theo"]
[Result "0-1"]
[WhiteElo "1180"]
[BlackElo "1151"]
[PlyCount "66"]

1. e4 e5 2. Nf3 Nc6 3. Be2 Nf6 4. Nc3 Bc5 5. h3 d6 6. O-O h6 7. d3 O-O 8. a3 a5
9. Na4 Ba7 10. c4 Nd4 11. Nxd4 Bxd4 12. Bd2 Bd7 13. Nc3 b6 14. a4 c6 15. b3 Bc5
16. Ra2 Nh7 17. Qb1 Ng5 18. Bxg5 Qxg5 19. g4 f5 20. exf5 Bxf5 21. Bf3 h5 22.
Bxc6 hxg4 23. Kh2 Qf4+ 24. Kh1 gxh3 25. Qc1 Qg4 26. Rg1 Qh4 27. Bxa8 Rxa8 28.
Qf1 Rf8 29. Ne2 Bxd3 30. Rd2 Rxf2 31. Qd1 Be4+ 32. Rg2 hxg2+ 33. Kg1 Qh1# 0-1

[Event "Tournoi francophone 005 Groupe F"]
[Site "Skype"]
[Date "????.??.??"]
[Round "7.6"]
[White "Scata, Laura"]
[Black "Gagnon, Sindy"]
[Result "1-0"]
[WhiteElo "1058"]
[BlackElo "1000"]
[PlyCount "71"]

1. e4 Nf6 2. Nc3 e6 3. Bc4 Be7 4. d3 Nc6 5. Bf4 b6 6. Nb5 O-O 7. Nf3 Bb7 8.
Nxc7 Rc8 9. Nb5 Nb4 10. O-O a6 11. Nc3 b5 12. Bb3 Nh5 13. Be3 Bd6 14. a3 Nc6
15. Qd2 Ne7 16. e5 Bb8 17. Ne4 Ng6 18. d4 Bxe4 19. Bg5 f6 20. Be3 fxe5 21. dxe5
Nxe5 22. Nxe5 Bxe5 23. f3 Bc6 24. Rf2 Qh4 25. h3 Qg3 26. f4 Nxf4 27. Bxf4 Rxf4
28. Raf1 Bxg2 29. Rxg2 Qh4 30. Rgf2 Qxh3 31. Rxf4 g5 32. R1f3 Qh5 33. Qxd7 Rb8
34. Bxe6+ Kh8 35. Rh3 Qe2 36. Qxh7# 1-0

[Event "Tournoi francophone 005 Groupe F"]
[Site "Skype"]
[Date "????.??.??"]
[Round "8.1"]
[White "Martin, Elise"]
[Black "Gagnon, Sindy"]
[Result "1-0"]
[WhiteElo "1038"]
[BlackElo "1000"]
[PlyCount "45"]

1. e4 Nf6 2. d3 e6 3. Nc3 d5 4. Bg5 Be7 5. Nf3 Nc6 6. Be2 O-O 7. O-O Na5 8. Qd2
c5 9. Na4 Bd6 10. h3 Bc7 11. Nxc5 b6 12. Na6 Bxa6 13. e5 Qb8 14. exf6 gxf6 15.
Bh6 Rd8 16. Nh4 e5 17. Nf5 e4 18. Bh5 exd3 19. Ne7+ Kh8 20. Bxf7 Nc4 21. Qxd3
Ne5 22. Qg3 Nxf7 23. Qg7# 1-0

[Event "Tournoi francophone 005 Groupe F"]
[Site "Skype"]
[Date "????.??.??"]
[Round "8.2"]
[White "Ambrosino, Theo"]
[Black "Scata, Laura"]
[Result "1-0"]
[WhiteElo "1151"]
[BlackElo "1058"]
[PlyCount "65"]

1. e4 c6 2. Nf3 d5 3. Qe2 dxe4 4. Qxe4 Nf6 5. Qc4 Qd5 6. Nc3 Qxc4 7. Bxc4 Bf5
8. d3 e6 9. Nd4 b5 10. Bb3 Bg4 11. a3 Bc5 12. Be3 b4 13. Na4 Bxd4 14. Bxd4 Na6
15. Bc4 c5 16. Nxc5 Nxc5 17. Bxc5 Nd7 18. Bb5 a6 19. Ba4 Rd8 20. O-O e5 21.
Rae1 f6 22. Bxb4 Kf7 23. Ba5 Rb8 24. Re4 Nc5 25. Rxg4 Rxb2 26. Rc4 Rc8 27. Bd7
Rcb8 28. Rxc5 Rb1 29. g3 R1b7 30. Bc7 Ra8 31. Rc6 Ke7 32. Be6 Rab8 33. Bxb8 1-0

[Event "Tournoi francophone 005 Groupe F"]
[Site "Skype"]
[Date "????.??.??"]
[Round "8.3"]
[White "Bacha, Mehdi"]
[Black "Lequeux, Pierre"]
[Result "0-1"]
[WhiteElo "1030"]
[BlackElo "1180"]
[PlyCount "124"]

1. d4 d5 2. f4 e6 3. e3 a6 4. Bd3 Be7 5. Nf3 Nf6 6. O-O Nc6 7. Ne5 Bb4 8. c3
Bd6 9. Nxc6 bxc6 10. Nd2 c5 11. Nf3 h6 12. Ne5 Bxe5 13. fxe5 Ne4 14. Qf3 O-O
15. Qd1 c4 16. Bc2 Bd7 17. Bd2 Rb8 18. b3 cxb3 19. axb3 Bb5 20. c4 Nxd2 21.
Qxd2 dxc4 22. bxc4 Bxc4 23. Rf3 Bd5 24. Rf2 Bb7 25. Qd3 g6 26. Qf1 Qe7 27. Rf6
Rbd8 28. Bd3 Ra8 29. Rb1 Ra7 30. Rf4 a5 31. Be4 Ba6 32. Qf2 Bc8 33. Rh4 Kg7 34.
Qf4 g5 35. Qg4 f5 36. Bxf5 exf5 37. Qf3 gxh4 38. Qe2 a4 39. Rf1 Qe6 40. Rf2 a3
41. Qf1 Kg6 42. h3 a2 43. Kh2 a1=Q 44. g3 Qxf1 45. Rxf1 hxg3+ 46. Kxg3 Qc4 47.
Kh4 Qxf1 48. d5 Kg7 49. e6 Qe1+ 50. Kh5 Qxe3 51. Kh4 Qd4+ 52. Kh5 Kf6 53. h4
Qxd5 54. e7 Qc6 55. exf8=Q+ Ke5 56. Qxc8 Ra8 57. Qxa8 Qxa8 58. Kxh6 f4 59. h5
f3 60. Kg6 Qe8+ 61. Kh6 f2 62. Kg5 Qg8+ 0-1

[Event "Tournoi francophone 005 Groupe F"]
[Site "Skype"]
[Date "????.??.??"]
[Round "8.4"]
[White "Schnell, Nicolas"]
[Black "Douichi, Mohammed"]
[Result "0-1"]
[WhiteElo "1000"]
[BlackElo "1192"]
[PlyCount "84"]

1. e4 e5 2. b3 Bc5 3. Bb5 Qh4 4. Qe2 Nf6 5. g3 Qxe4 6. f3 Qxe2+ 7. Nxe2 O-O 8.
Bb2 d6 9. Bd3 Nc6 10. Rg1 Bxg1 11. Nxg1 d5 12. Nc3 Be6 13. a4 Na5 14. Ra3 a6
15. b4 Nc6 16. h3 d4 17. Nce2 Bd5 18. a5 Nxb4 19. Bf5 c5 20. f4 e4 21. d3 Nxc2+
22. Kd2 Nxa3 23. Bxa3 e3+ 24. Ke1 Be6 25. g4 Bxf5 26. gxf5 Rfc8 27. Nf3 Nh5 28.
Ne5 c4 29. dxc4 Re8 30. Nd7 d3 31. Kf1 d2 32. Kg2 d1=Q 33. Bc5 Qxe2+ 34. Kg1
Qxc4 35. Bxe3 Rxe3 36. Kg2 Nxf4+ 37. Kf2 Qe2+ 38. Kg1 Nxh3+ 39. Kh1 Nf2+ 40.
Kg2 Ng4+ 41. Kg1 Qh2+ 42. Kf1 Qf2# 0-1

[Event "Tournoi francophone 005 Groupe F"]
[Site "Skype"]
[Date "????.??.??"]
[Round "8.5"]
[White "Morin, Claude"]
[Black "Talbot, Jean"]
[Result "0-1"]
[WhiteElo "1012"]
[BlackElo "1073"]
[PlyCount "80"]

1. e4 e5 2. Nf3 Nc6 3. Bc4 Bc5 4. c3 Nf6 5. d3 O-O 6. O-O d6 7. h3 Re8 8. Nbd2
Na5 9. b4 Nxc4 10. bxc5 Nxd2 11. Bxd2 dxc5 12. Qe2 b5 13. Be3 Qd6 14. Rab1 Rb8
15. c4 a6 16. Rb3 Be6 17. Rc1 bxc4 18. dxc4 Rxb3 19. axb3 Qb6 20. Rb1 a5 21.
Nxe5 Nxe4 22. Nd3 Nc3 23. Bxc5 Nxe2+ 24. Kh2 Qa6 25. Re1 Nf4 26. Re4 g5 27.
Nxf4 gxf4 28. Rxf4 f5 29. Rh4 Kg7 30. Bd4+ Kg6 31. Be3 h5 32. Rd4 Kf6 33. Rh4
Qd6+ 34. Kg1 Kg6 35. Bf4 Qd1+ 36. Kh2 Rb8 37. Bxc7 Rxb3 38. Bxa5 Qd6+ 39. Kg1
Rb1+ 40. Be1 Rxe1# 0-1

[Event "Tournoi francophone 005 Groupe F"]
[Site "Skype"]
[Date "????.??.??"]
[Round "8.6"]
[White "Lecluyse, Koenraad"]
[Black "Mimouni, Driss"]
[Result "1-0"]
[WhiteElo "1208"]
[BlackElo "1000"]
[PlyCount "51"]

1. d4 d5 2. Nf3 Nf6 3. Bf4 Bg4 4. Nbd2 Nc6 5. e3 e6 6. Bb5 Bb4 7. c3 a6 8.
Bxc6+ bxc6 9. cxb4 O-O 10. O-O Qe7 11. Qc2 Rab8 12. a3 Bxf3 13. Nxf3 g6 14.
Qxc6 Nh5 15. Bg5 Ra8 16. Bxe7 Rfe8 17. Bg5 h6 18. Bxh6 f5 19. Qxc7 Rab8 20. Qd7
Kh8 21. Ne5 Rf8 22. Bxf8 Rxf8 23. Nxg6+ Kg8 24. Nxf8 Kxf8 25. Rac1 Nf6 26. Rc8+
1-0

[Event "Tournoi francophone 005 Groupe F"]
[Site "Skype"]
[Date "????.??.??"]
[Round "9.1"]
[White "Mimouni, Driss"]
[Black "Martin, Elise"]
[Result "1-0"]
[WhiteElo "1000"]
[BlackElo "1038"]
[PlyCount "99"]

1. e4 e5 2. Nf3 Nf6 3. d3 Nc6 4. c4 Bc5 5. h3 d6 6. Bg5 O-O 7. Be2 h6 8. Bh4
Be6 9. Nc3 Nd4 10. Nxd4 exd4 11. e5 dxc3 12. exf6 Qxf6 13. Bxf6 gxf6 14. bxc3
Rfe8 15. Bh5 Kf8 16. d4 Bb6 17. d5 Bd7+ 18. Kf1 Re7 19. Qf3 Rae8 20. Qxf6 Re4
21. Qh8+ Ke7 22. Qh7 Rf4 23. g3 Rxf2+ 24. Kg1 Rf6+ 25. Kg2 Rf2+ 26. Kg1 Rf5+
27. Kh2 Rxh5 28. Qe4+ Kf8 29. h4 Rxe4 30. Rae1 Rhe5 31. Rxe4 Rxe4 32. Kg2 Re2+
33. Kf1 Rxa2 34. g4 Bb5 35. cxb5 Ra3 36. c4 Ra4 37. g5 Rxc4 38. gxh6 Rf4+ 39.
Ke1 Ba5+ 40. Ke2 Rd4 41. h7 Rxd5 42. h8=Q+ Ke7 43. Qa8 Bb6 44. Qb8 Re5+ 45. Kd3
c5 46. Kc2 c4 47. Qxb7+ Kf6 48. Rf1+ Ke6 49. Qf3 d5 50. Qxf7+ 1-0

[Event "Tournoi francophone 005 Groupe F"]
[Site "Skype"]
[Date "????.??.??"]
[Round "9.2"]
[White "Talbot, Jean"]
[Black "Lecluyse, Koenraad"]
[Result "0-1"]
[WhiteElo "1073"]
[BlackElo "1208"]
[PlyCount "36"]

1. e4 e6 2. d4 d5 3. e5 c5 4. c3 Be7 5. Nf3 Nc6 6. Bb5 f6 7. exf6 Nxf6 8. Ne5
Bd7 9. O-O O-O 10. Re1 a6 11. Nxc6 Bxc6 12. Bxc6 bxc6 13. Rxe6 Qd7 14. Re5 Ng4
15. Re1 Nxf2 16. Qe2 Bh4 17. g3 Bxg3 18. hxg3 Qh3 0-1

[Event "Tournoi francophone 005 Groupe F"]
[Site "Skype"]
[Date "????.??.??"]
[Round "9.3"]
[White "Douichi, Mohammed"]
[Black "Morin, Claude"]
[Result "1-0"]
[WhiteElo "1192"]
[BlackElo "1012"]
[PlyCount "60"]

1. e4 e5 2. Nf3 Nc6 3. Bc4 Nf6 4. Ng5 d5 5. exd5 Na5 6. Bb5+ c6 7. dxc6 bxc6 8.
Qf3 Qc7 9. Nc3 Be7 10. O-O Bb7 11. Ba4 O-O 12. d3 h6 13. Nh3 Rad8 14. Qg3 Kh7
15. Bxh6 g6 16. Be3 c5 17. Ng5+ Kg7 18. Qh4 Rh8 19. Qg3 Ba6 20. Bb5 Bxb5 21.
Nxb5 Qb6 22. a4 a6 23. Qxe5 axb5 24. Qxe7 Rde8 25. Qxc5 Qxc5 26. Bxc5 bxa4 27.
Rxa4 Nc6 28. Be3 Ng4 29. Rxg4 Na5 30. Bd4+ Kf8 1-0

[Event "Tournoi francophone 005 Groupe F"]
[Site "Skype"]
[Date "????.??.??"]
[Round "9.4"]
[White "Lequeux, Pierre"]
[Black "Schnell, Nicolas"]
[Result "1-0"]
[WhiteElo "1180"]
[BlackElo "1000"]
[PlyCount "81"]

1. Nf3 Nc6 2. Nc3 e6 3. a3 Be7 4. e4 Bd6 5. d3 Nf6 6. Bg5 O-O 7. Be2 Qe8 8.
Bxf6 e5 9. Bg5 f6 10. Be3 b6 11. O-O Bb7 12. Nd5 Qe6 13. Nxc7 Bxc7 14. d4 f5
15. b3 fxe4 16. d5 Qg6 17. Nh4 Qd6 18. dxc6 Qe7 19. cxb7 Rab8 20. Bc4+ Kh8 21.
Bd5 Rf6 22. Bxe4 Qe6 23. c4 Bd6 24. Bc2 Rxb7 25. Qd2 Rf7 26. Rad1 Be7 27. Bg5
Bf8 28. Rfe1 Qg4 29. Re4 Qh5 30. Nf3 Qg4 31. Rxg4 Bc5 32. Rh4 d6 33. Bxh7 g6
34. Bxg6+ Rh7 35. Bxh7 Kg7 36. Be4 Rf7 37. Bh6+ Kh8 38. Be3+ Kg7 39. Bxc5 dxc5
40. Qh6+ Kg8 41. Qh8# 1-0

[Event "Tournoi francophone 005 Groupe F"]
[Site "Skype"]
[Date "????.??.??"]
[Round "9.5"]
[White "Scata, Laura"]
[Black "Bacha, Mehdi"]
[Result "1-0"]
[WhiteElo "1058"]
[BlackElo "1030"]
[PlyCount "121"]

1. e4 e5 2. Nf3 Nc6 3. Bc4 Bc5 4. d4 d6 5. dxc5 dxc5 6. Qxd8+ Kxd8 7. O-O Be6
8. Bxe6 fxe6 9. Nc3 Nf6 10. Bg5 Nb4 11. a3 Nxc2 12. Rad1+ Nd4 13. Nxe5 Ke7 14.
Be3 Rad8 15. Rd3 c6 16. Rfd1 a6 17. Bxd4 cxd4 18. Rxd4 Rxd4 19. Rxd4 Rd8 20.
Rxd8 Kxd8 21. f3 Ke7 22. Kf2 Kd6 23. Ng4 Nxg4+ 24. fxg4 Ke5 25. Ke3 b5 26. h4
h6 27. g3 g5 28. Ne2 c5 29. Ng1 c4 30. Nf3+ Kd6 31. hxg5 hxg5 32. Nxg5 a5 33.
Nf7+ Ke7 34. e5 Kxf7 35. Kd4 Kg6 36. Kc5 Kg5 37. Kxb5 Kxg4 38. Kxc4 Kxg3 39. b4
axb4 40. Kxb4 Kf4 41. a4 Kxe5 42. a5 Kf4 43. a6 e5 44. a7 e4 45. a8=Q e3 46.
Qb8+ Kf3 47. Qf8+ Ke4 48. Qf1 Kd4 49. Qe1 Kd3 50. Kb3 e2 51. Kb2 Ke3 52. Kc2
Kf3 53. Kd2 Ke4 54. Qxe2+ Kd4 55. Qe3+ Kc4 56. Qd3+ Kb4 57. Qc3+ Kb5 58. Kd3
Kb6 59. Kd4 Kb5 60. Qc4+ Kb6 61. Qc5+ 1-0

[Event "Tournoi francophone 005 Groupe F"]
[Site "Skype"]
[Date "????.??.??"]
[Round "9.6"]
[White "Gagnon, Sindy"]
[Black "Ambrosino, Theo"]
[Result "0-1"]
[WhiteElo "1000"]
[BlackElo "1151"]
[PlyCount "76"]

1. e4 e5 2. Nc3 Nf6 3. Nf3 Nc6 4. Be2 h6 5. O-O Bc5 6. d3 d6 7. b3 O-O 8. a3
Nd4 9. Nxd4 Bxd4 10. Bb2 c6 11. Ra2 d5 12. exd5 Nxd5 13. Na4 Nf4 14. Bf3 Qg5
15. Re1 Nh3+ 16. Kf1 Nxf2 17. Qe2 Qh4 18. Rb1 Qxh2 19. Ke1 Qg1+ 20. Qf1 Qxf1+
21. Kxf1 Nh1 22. g4 Nf2 23. c3 Bb6 24. c4 Nxd3 25. Bc3 f5 26. g5 hxg5 27. Rd2
e4 28. Bh5 Nf4 29. Be2 Nxe2 30. Rxe2 Re8 31. Rg2 Be3 32. Rg3 Bf4 33. Rh3 Be5
34. Bd2 f4 35. Rh5 Bf6 36. Rh2 e3 37. Be1 f3 38. Rd1 e2+ 0-1

[Event "Tournoi francophone 005 Groupe F"]
[Site "Skype"]
[Date "????.??.??"]
[Round "10.1"]
[White "Martin, Elise"]
[Black "Ambrosino, Theo"]
[Result "0-1"]
[WhiteElo "1038"]
[BlackElo "1151"]
[PlyCount "50"]

1. e4 e5 2. Nf3 Nc6 3. d3 h6 4. Be2 Bc5 5. O-O d6 6. Nc3 Nf6 7. b3 O-O 8. Bb2
Nd4 9. Nh4 Nxe2+ 10. Qxe2 Bg4 11. Qe3 Bxe3 12. Rfe1 Bd2 13. Rf1 Be2 14. Rfb1
Bh5 15. Na4 Ng4 16. h3 Qxh4 17. Rf1 Nf6 18. Bd4 exd4 19. Nb2 Bc3 20. Rab1 Qg5
21. e5 dxe5 22. Na4 Bf3 23. g3 Qh5 24. Nxc3 Qxh3 25. Ne2 Qg2# 0-1

[Event "Tournoi francophone 005 Groupe F"]
[Site "Skype"]
[Date "????.??.??"]
[Round "10.2"]
[White "Bacha, Mehdi"]
[Black "Gagnon, Sindy"]
[Result "1-0"]
[WhiteElo "1030"]
[BlackElo "1000"]
[PlyCount "107"]

1. d4 d6 2. f4 Nd7 3. e3 Ngf6 4. Bd3 e6 5. Nf3 Qe7 6. O-O Ng4 7. h3 Ngf6 8. c3
e5 9. Bf5 exd4 10. Bxd7+ Bxd7 11. Nxd4 Qe4 12. Rf3 Be7 13. Nd2 Qg6 14. Rf2 O-O
15. Qf3 d5 16. b4 b6 17. a3 a5 18. bxa5 bxa5 19. a4 h5 20. Ba3 Bxa3 21. Rxa3 c5
22. Nb5 Ra6 23. Nc7 Rb6 24. Nxd5 Nxd5 25. Qxd5 Bc6 26. Qxc5 Ra6 27. Qc4 Rb6 28.
f5 Qg3 29. e4 Ba8 30. Ra1 Rh6 31. Nf1 Qh4 32. Re1 g6 33. Re3 gxf5 34. Rg3+ Kh7
35. exf5 Qf6 36. Qd3 Be4 37. Qxe4 h4 38. Rg4 Qd8 39. f6+ Kh8 40. c4 Qd1 41. c5
Qc1 42. c6 Rc8 43. Rg7 Rg8 44. Rxf7 Rhg6 45. Qxh4+ Qh6 46. Qxh6+ Rxh6 47. c7
Rc8 48. Re7 Rh4 49. f7 Kg7 50. f8=Q+ Kg6 51. Qxc8 Rxa4 52. Re6+ Kh5 53. Re5+
Kg6 54. Qe6+ 1-0

[Event "Tournoi francophone 005 Groupe F"]
[Site "Skype"]
[Date "????.??.??"]
[Round "10.3"]
[White "Schnell, Nicolas"]
[Black "Scata, Laura"]
[Result "0-1"]
[WhiteElo "1000"]
[BlackElo "1058"]
[PlyCount "40"]

1. g4 e5 2. Bg2 d5 3. e3 Bc5 4. Qe2 Be6 5. Nc3 Nf6 6. b3 Bxg4 7. Qb5+ Nbd7 8.
Bxd5 Nxd5 9. Nxd5 c6 10. Qxb7 cxd5 11. d4 exd4 12. Qxd5 O-O 13. exd4 Re8+ 14.
Be3 Bb4+ 15. Kf1 Rc8 16. Rc1 Ba3 17. Rd1 Rxc2 18. Qg2 Bxd1 19. Ne2 Bxe2+ 20.
Ke1 Bb4+ 0-1

[Event "Tournoi francophone 005 Groupe F"]
[Site "Skype"]
[Date "????.??.??"]
[Round "10.4"]
[White "Morin, Claude"]
[Black "Lequeux, Pierre"]
[Result "1-0"]
[WhiteElo "1012"]
[BlackElo "1180"]
[PlyCount "77"]

1. e4 e5 2. Nf3 d6 3. Bc4 Be7 4. h3 Nc6 5. c3 Na5 6. Bb5+ Bd7 7. Bxd7+ Qxd7 8.
O-O Nf6 9. d3 h6 10. Nbd2 Nc6 11. Re1 O-O 12. Nf1 Qe6 13. Ng3 d5 14. Nf5 dxe4
15. Nxh6+ Kh7 16. Ng5+ Kg6 17. Nxe6 fxe6 18. Ng4 Kf7 19. dxe4 Rfd8 20. Qf3 Ke8
21. Be3 b6 22. Bg5 Kf7 23. Nxf6 gxf6 24. Qh5+ Kg8 25. Qg6+ Kh8 26. Bxf6+ Bxf6
27. Qxf6+ Kg8 28. Qxe6+ Kf8 29. Qxc6 Rac8 30. Qf6+ Kg8 31. Qxe5 Re8 32. Qg5+
Kh8 33. Rad1 Rg8 34. Qf6+ Kh7 35. Rd3 Rgf8 36. Qh4+ Kg7 37. Rg3+ Kf7 38. e5 Rh8
39. e6+ 1-0

[Event "Tournoi francophone 005 Groupe F"]
[Site "Skype"]
[Date "????.??.??"]
[Round "10.5"]
[White "Lecluyse, Koenraad"]
[Black "Douichi, Mohammed"]
[Result "0-1"]
[WhiteElo "1208"]
[BlackElo "1192"]
[PlyCount "98"]

1. d4 d5 2. Nf3 Bf5 3. Bf4 Nf6 4. e3 Nc6 5. c3 e6 6. Bd3 Bd6 7. Bxd6 Qxd6 8.
O-O O-O 9. Re1 Be4 10. Bxe4 Nxe4 11. Qc2 h6 12. Nbd2 Nf6 13. e4 dxe4 14. Nxe4
Nxe4 15. Rxe4 Qd5 16. Re3 Nb8 17. Ne5 Nd7 18. Nxd7 Qxd7 19. Qe4 c6 20. Qg4 f5
21. Qh5 Rf7 22. f4 Kh7 23. Rg3 Rf6 24. Qe2 Re8 25. Re3 Qf7 26. g3 Qg6 27. h4 h5
28. b4 Qh6 29. Rf1 Rg6 30. b5 Rg4 31. Ref3 Qg6 32. Qg2 Rc8 33. bxc6 Rxc6 34.
Kh2 Qf6 35. Qd2 Rd6 36. Re1 b5 37. a3 a5 38. Qb2 Rb6 39. Rd3 Qe7 40. Re5 b4 41.
Rxa5 b3 42. c4 Qb4 43. Rb5 Qxc4 44. Rdxb3 Rxb5 45. Rxb5 Qd3 46. Rb6 Qxg3+ 47.
Kh1 Qf3+ 48. Kh2 Rxh4+ 49. Kg1 Rh1# 0-1

[Event "Tournoi francophone 005 Groupe F"]
[Site "Skype"]
[Date "????.??.??"]
[Round "10.6"]
[White "Mimouni, Driss"]
[Black "Talbot, Jean"]
[Result "0-1"]
[WhiteElo "1000"]
[BlackElo "1073"]
[PlyCount "78"]

1. e4 e5 2. Nf3 d6 3. Bc4 Nf6 4. d3 Be7 5. Ng5 O-O 6. O-O h6 7. Bxf7+ Rxf7 8.
Nxf7 Kxf7 9. Re1 Nc6 10. d4 exd4 11. Na3 Bg4 12. f3 Bh5 13. h3 g5 14. Bd2 Nd7
15. Qc1 Nde5 16. Nb5 a6 17. Na3 b5 18. g4 Nxf3+ 19. Kf1 Nh2+ 20. Kg2 Nxg4 21.
Rf1+ Nf6 22. Rf2 Bg6 23. c3 Bxe4+ 24. Kh2 Kg6 25. cxd4 Nxd4 26. Bc3 Nf3+ 27.
Kg2 Nh4+ 28. Kh2 Qd7 29. Qf1 Nf3+ 30. Kg2 Nd2+ 31. Kh2 Nxf1+ 32. Rfxf1 g4 33.
Rf4 gxh3 34. Raf1 Kg5 35. Bxf6+ Bxf6 36. Rxf6 Qg4 37. R6f2 Kh4 38. Nc2 Rg8 39.
Ne3 Qg3# 0-1